| 000 | 01304nam0a2200277 4500 | ||
|---|---|---|---|
| 001 | RU\NLR\BIBL_A\010918687 | ||
| 005 | 20260405095529.0 | ||
| 010 |
_a5-88407-054-3 _9500 |
||
| 035 | _a(NLR Aleph) 010918687 | ||
| 090 |
_a10666036 _c10666036 |
||
| 100 | _a20151204d2004 |||y0rusy50 ca | ||
| 101 | 0 | _arus | |
| 102 | _aRU | ||
| 105 | _ay z 000ay | ||
| 200 | 1 |
_aВетка сирени на мокром асфальте _eповести, рассказы, путевые заметки _fБорис Бем |
|
| 210 |
_aКельн _c[б.и.] _aСанкт-Петербург _cДизайн _d2004 |
||
| 215 |
_a179 с. _d20 |
||
| 300 | _aНа обороте тит. л. авт.: Мейтин (БЕМ) Борис Михайлович | ||
| 327 | 1 | _aСодерж.: Синдром отъезжающей койки; Ветка сирени на мокром асфальте; Сад закрыт на просушку; Двести строк в номер; Работа над ошибками или Бомба для вождя; Тайна графини Алябьевой | |
| 686 | 2 | _aШ6(2=Р)6-4 | |
| 700 | 1 |
_7ca _8rus _aБем _bБ. _f1946- _gБорис _3RU\NLR\AUTH\7735946 _918940 |
|
| 942 | _cBOOK | ||
| 980 | _aNB | ||